Lab notes : (Record no. 7306)
[ view plain ]
| 000 -LEADER | |
|---|---|
| fixed length control field | 01142cam a2200337Ia 4500 |
| 001 - CONTROL NUMBER | |
| control field | 01525250 |
| 003 - CONTROL NUMBER IDENTIFIER | |
| control field | OCoLC |
| 005 - DATE AND TIME OF LATEST TRANSACTION | |
| control field | 20221104104929.0 |
| 008 - FIXED-LENGTH DATA ELEMENTS--GENERAL INFORMATION | |
| fixed length control field | 050608s2005 paua b 001 0 eng d |
| 020 ## - INTERNATIONAL STANDARD BOOK NUMBER | |
| International Standard Book Number | 0803612656 (pbk.) |
| 020 ## - INTERNATIONAL STANDARD BOOK NUMBER | |
| International Standard Book Number | 9780803612655 (pbk.) |
| 020 ## - INTERNATIONAL STANDARD BOOK NUMBER | |
| International Standard Book Number | 974982329X (Printed in Thailand) |
| 035 ## - SYSTEM CONTROL NUMBER | |
| System control number | ocm60580258 |
| 035 ## - SYSTEM CONTROL NUMBER | |
| System control number | (OCoLC)60580258 |
| 040 ## - CATALOGING SOURCE | |
| Original cataloging agency | HHO |
| Transcribing agency | HHO |
| Modifying agency | OCL |
| -- | BAKER |
| -- | YDXCP |
| -- | Q3H |
| -- | BTCTA |
| -- | AKC |
| -- | AU@ |
| -- | CKT |
| 042 ## - AUTHENTICATION CODE | |
| Authentication code | nbic |
| 049 ## - LOCAL HOLDINGS (OCLC) | |
| Holding library | CKTA |
| 050 #4 - LIBRARY OF CONGRESS CALL NUMBER | |
| Classification number | RT51 |
| Item number | .H67 2005 |
| 060 #4 - NATIONAL LIBRARY OF MEDICINE CALL NUMBER | |
| Classification number | QY25 |
| Item number | H777 |
| 082 04 - DEWEY DECIMAL CLASSIFICATION NUMBER | |
| Classification number | 616.075 |
| Edition number | 22 |
| 100 1# - MAIN ENTRY--PERSONAL NAME | |
| Personal name | Hopkins, Tracey. |
| 245 10 - TITLE STATEMENT | |
| Title | Lab notes : |
| Remainder of title | guide to Lab & diagnostic tests / |
| Statement of responsibility, etc. | Tracey Hopkins. |
| 260 ## - PUBLICATION, DISTRIBUTION, ETC. | |
| Place of publication, distribution, etc. | Philadelphia : |
| Name of publisher, distributor, etc. | F.A. Davis, |
| Date of publication, distribution, etc. | c2005. |
| 300 ## - PHYSICAL DESCRIPTION | |
| Extent | 216 p. : |
| Other physical details | col. ill. ; |
| Dimensions | 8 x 13 cm. |
| 440 #0 - SERIES STATEMENT/ADDED ENTRY--TITLE | |
| Title | Davis's notes. |
| 504 ## - BIBLIOGRAPHY, ETC. NOTE | |
| Bibliography, etc. note | Includes bibliographical references (p. 198-199) and index. |
| 650 #0 - SUBJECT ADDED ENTRY--TOPICAL TERM | |
| Topical term or geographic name entry element | Nursing |
| Form subdivision | Handbooks, manuals, etc. |
| 650 #0 - SUBJECT ADDED ENTRY--TOPICAL TERM | |
| Topical term or geographic name entry element | Diagnosis, Laboratory |
| Form subdivision | Handbooks, manuals, etc. |
| 650 #6 - SUBJECT ADDED ENTRY--TOPICAL TERM | |
| Topical term or geographic name entry element | Diagnostics biologiques |
| Form subdivision | Manuels de laboratoire. |
| 650 #0 - SUBJECT ADDED ENTRY--TOPICAL TERM | |
| Topical term or geographic name entry element | Diagnosis, Laboratory |
| Form subdivision | Handbooks, manuals, etc. |
| 650 #0 - SUBJECT ADDED ENTRY--TOPICAL TERM | |
| Topical term or geographic name entry element | Nursing |
| Form subdivision | Handbooks, manuals, etc. |
| 942 ## - ADDED ENTRY ELEMENTS (KOHA) | |
| Source of classification or shelving scheme | 美國國家醫學圖書館圖書分類法 |
| Koha item type | 一般圖書 |
No items available.